000
00269nam a2200109Ia 4500
008
200302s9999 xx 000 0 und d
100
_a
Albert G. H. Dietz
245
_a
Dwelling House Construction 4th ed.
260
_b
The Mit Press Ltd.
260
_c
1974
300
_a
446 P.,
999
_c
74
_d
74